25 Years of Action Movies II Quiz Stats

 Plays Quiz Updated Aug 2, 2021

Support Sporcle.
Go Orange.
Score 0/25 Timer 08:00
3 Plays Today
% Correct
Deadpool
93.3%
Men in Black
92.4%
Kill Bill: Vol. 1
90.1%
Taken
90.1%
Spider-Man
89.8%
Saving Private Ryan
89%
Jurassic World
88.8%
The Matrix
87.9%
Twister
82.6%
Thor
82.1%
Mr. & Mrs. Smith
81.6%
Lara Croft: Tomb Raider
80.1%
Dunkirk
79.4%
% Correct
Man of Steel
78.9%
Kick-Ass
77.9%
Skyfall
76.8%
Wonder Woman 1984
76.4%
Inglourious Basterds
74.7%
Crouching Tiger, Hidden Dragon
65.1%
The Day After Tomorrow
60.4%
Rampage
58.1%
Fury
56.5%
Shooter
39.2%
Crank
34.6%
Triple Frontier
16.1%

From the Vault

Pixel Art - MLB Team II

by goc3

Sports 3m
We're slowly making our own retro PC baseball game.
Remove Ads.
Support Sporcle.
Get the best of Sporcle when you Go Orange. This ad-free experience offers more features, more stats, and more fun while also helping to support Sporcle. Thank you for becoming a member.

Show Comments

Extras

Top Quizzes Today


Score Distribution

Your Account Isn't Verified!

In order to create a playlist on Sporcle, you need to verify the email address you used during registration. Go to your Sporcle Settings to finish the process.

Report this User

Report this user for behavior that violates our Community Guidelines.

Details: